000 00744nam a2200253Ia 4500
003 OSt
005 20220928115806.0
006 a|||||r|||| 00| 0
007 ta
008 220927b |||||||| |||| 00| 0 eng d
024 _a40917
037 _cTextual
040 _aSDCL
_cSDCL
_beng
041 _2eng
_aeng
082 _aS:86, P0
100 _aNorcross John C
_9446161
245 0 _aAuthoritative guide to self-help resources in mental health.
260 _aNew York
_b Guilford Press
_c2000
300 _axi,399p.
_ccm.
700 _a Campbell Linda F
_9446162
700 _a Santrock John W
_9446163
942 _hS:86, P0
_cTEXL
_2CC
999 _c760984
_d760984